Statistiques concernant Les chansons de Louis - Star Academy 2023

Cliquez ici pour prendre le quiz!

Statistiques générales

  • Ce quiz a été pris 71 fois
  • Le résultat moyen est 5 sur 8

Statistiques - réponses

MomentAvecRéponse% Correct
ChansonHymne (Prime 2)Tous les élèvesAu bout de mes rêves
86%
Artiste originalHymne (Prime 2)Tous les élèvesJean-Jacques Goldman
86%
Artiste originalPrime 2SoloLomepal
77%
ChansonPrime 1MargotMon coeur
76%
ChansonPrime 2SoloDecrescendo
74%
ChansonEval 1SoloGaffe aux autres
47%
Artiste originalEval 1SoloBen Mazué
42%
Artiste originalPrime 1MargotIzïa Higelin
30%

Distribution des résultats

Percentile par nombre de réponses

% des personnes avec chaque résultat

Votre développement - résultats

Vous n’avez pas pris ce quiz